[Event "FIDE WCh KO"]
[Site "Tripoli LBA"]
[Date "2004.06.24"]
[Round "3.7"]
[White "Smirnov,P"]
[Black "Aronian,L"]
[Result "1-0"]
[WhiteElo "2601"]
[BlackElo "2645"]
[EventDate "2004.06.19"]

1. e4 e5 2. Nf3 Nc6 3. Bb5 Nf6 4. O-O Nxe4 5. d4 Nd6 6. Bxc6 dxc6 7. dxe5
Nf5 8. Qxd8+ Kxd8 9. Nc3 Ne7 10. h3 h6 11. Be3 Ke8 12. Rad1 Bd7 13. Rfe1
Rd8 14. Ne4 Bf5 15. Nc5 b6 16. Na6 Nd5 17. c4 Nxe3 18. Nxc7+ Ke7 19. fxe3
Rd7 20. Na6 Bc2 21. Rxd7+ Kxd7 22. Nb8+ Kc7 23. Nxc6 Kxc6 24. Nd4+ Kc5 25.
Nxc2 Kxc4 26. Rd1 Bc5 27. Rd7 Re8 28. Rxf7 Kd3 29. Ne1+ Kxe3 30. Nf3 Re7
31. e6 Rxe6 32. Rxg7 a5 33. Rd7 Ke2+ 34. Kh2 Re4 35. b3 a4 36. Rd2+ Ke3 37.
Rd1 axb3 38. axb3 Rb4 39. Re1+ Kd3 40. Ne5+ Kc3 41. Ng4 h5 42. Nf6 h4 43.
Nd5+ Kxb3 44. Nxb4 Bxb4 45. Re4 Bd6+ 46. Kg1 Bg3 47. Kf1 b5 48. Ke2 Kc3 49.
Re3+ Kc4 50. Kd1 Kd4 51. Rb3 Kc4 52. Rf3 b4 53. Kc2 Be5 54. Re3 Bg3 55.
Re4+ Kc5 56. Kb3 Kd5 57. Rc4 Be1 58. Rg4 Ke5 59. Kc2 Kf5 60. Kd3 Bg3 61.
Rxg3 hxg3 62. Ke3 1-0